Costarriqueñas del 56

Guardado en:
Bibliografiske detaljer
Format: Bog
Sprog:Undetermined
Udgivet: San José, Costa Rica Imprenta Las Américas 1956
Fag:
Tags: Tilføj Tag
Ingen Tags, Vær først til at tagge denne postø!

MARC

LEADER 00000nam a2200000Ia 4500
008 170316s9999 xx 000 0 und d
040 |a cru BVZT 
090 |a 868 C-20c 
245 |a Costarriqueñas del 56 
260 |a San José, Costa Rica  |b Imprenta Las Américas  |c 1956 
300 |a 46 páginas 
650 |a LITERATURA COSTARRICENSE  |9 17 
999 |c 10813  |d 10813 
942 |c 4 D  |h 868 C-20c  |2 z